Les gaspillages des sociétés modernes (Record no. 160800)

MARC details
000 -LEADER
campo de control de longitud fija 00837nam a2200205 i 4500
001 - NÚMERO DE CONTROL
campo de control 160800
003 - IDENTIFICADOR DE NÚMERO DE CONTROL
campo de control ES-MaACL
005 - FECHA Y HORA DE LA ÚLTIMA TRANSACCIÓN
campo de control 20250805062613.0
008 - DATOS DE LONGITUD FIJA--INFORMACIÓN GENERAL
campo de control de longitud fija 020902s1894 fr |||| | fre d
040 ## - FUENTE DE CATALOGACIÓN
Centro catalogador/agencia de origen CCPB | B
Lengua de catalogación spa
Centro/agencia transcriptor CCPB | B
100 1# - ENTRADA PRINCIPAL--NOMBRE DE PERSONA
Nombre de persona Novicow, Jacques (
Fechas asociadas al nombre 1849-1912)
9 (RLIN) 86078
245 14 - MENCIÓN DEL TÍTULO
Título Les gaspillages des sociétés modernes
Resto del título : contribution a l'étude de la question sociale /
Mención de responsabilidad, etc. par J. Novicow.
260 ## - PUBLICACIÓN, DISTRIBUCIÓN, ETC.
Lugar de publicación, distribución, etc. Paris :
Nombre del editor, distribuidor, etc. ancienne Librairie Germer Baillière et Cie, Félix Alcan, éditeur,
Fecha de publicación, distribución, etc. 1894 (
Lugar de fabricación/manufactura Évreux :
Fabricante imprimerie de Charles Hérissey)
300 ## - DESCRIPCIÓN FÍSICA
Extensión X, 344 p. ;
Dimensiones 21 cm.
490 1# - MENCIÓN DE SERIE
Mención de serie Bibliothèque de philosophie contemporaine
650 #7 - PUNTO DE ACCESO ADICIONAL DE MATERIA--TÉRMINO DE MATERIA
Término de materia o nombre geográfico como elemento de entrada Sociología
Fuente del encabezamiento o término embne
9 (RLIN) 17195
830 0# - PUNTO DE ACCESO ADICIONAL DE SERIE-TÍTULO UNIFORME
Título uniforme Bibliothèque de philosophie contemporaine
9 (RLIN) 181027
852 ## - LOCALIZACIÓN
Ubicación ES-MaACL
Número de control de estantería B-6894
Nota libre -- Enc. pasta
Holdings
Estatus retirado Estado de pérdida Estado de daño No para préstamo Colección Biblioteca de origen Biblioteca actual Ubicación en estantería Fecha de adquisición Fuente de adquisición Total de préstamos Signatura topográfica completa Código de barras Visto por última vez Precio de reemplazo Tipo de ítem Koha
        Libros del s. XIX Biblioteca del Ateneo de Madrid Biblioteca del Ateneo de Madrid Sala Pardo Bazán 17/01/2008     B-6894 1168389 23/02/2023 23/02/2023 Libro impreso antiguo